Liverpool Scorers in Premier League 2019-20 - Statistics

General Stats
  • This quiz has been taken 292 times
  • The average score is 13 of 17
Answer Stats
Player Goals % Correct
Mohamed Salah 19
100%
Roberto Firmino 9
98%
Sadio Mané 18
98%
Jordan Henderson 4
95%
Trent Alexander-Arnold 4
95%
Virgil van Dijk 5
95%
Andrew Robertson 2
93%
Joël Matip 1
85%
Divock Origi 4
84%
Fabinho 2
81%
Georginio Wijnaldum 4
77%
James Milner 2
75%
Naby Keïta 2
60%
Alex Oxlade-Chamberlain 4
58%
Curtis Jones 1
52%
Xherdan Shaqiri 1
51%
Adam Lallana 1
46%
No matching quizzes found
Score Distribution
Percent of People with Each Score
Percentile by Number Answered
Your Score History
You have not taken this quiz